00656cam a2200205ua 450000500170000000800390001702000180005604000180007404100080009208200150010010000260011524500750014125000120021626000450022830000100027365000210028365000630030465300180036765300650038520230330132902.0191030n ii |||gr||||Z||||||asm a9788120288238 cMAINaIN-DiNC dasm a305.8bMAL aMalik, Abdul eauthor aAsamiya Mussalman : bsamaj aru sanskritir abhas / cBy Abdul Malik .  a2nd ed. aNagaon:bSaraswati D N Prakashan,c2014. a230p. aAssamese Muslims aSocio cultural and historical study about Assamese Muslims aSocial groups aA Socio-cultural and historical study about Assamese Muslims